لسان العرب ;; Lisān al-ʿArab / (Record no. 77907)
[ view plain ]
| 000 -LEADER | |
|---|---|
| fixed length control field | 00894cam a22002295i 4500 |
| 001 - CONTROL NUMBER | |
| control field | 77907 |
| 003 - CONTROL NUMBER IDENTIFIER | |
| rucl marc code | BD-RjUL |
| 005 - DATE AND TIME OF LATEST TRANSACTION | |
| control field | 20211209083048.0 |
| 008 - FIXED-LENGTH DATA ELEMENTS--GENERAL INFORMATION | |
| fixed length control field | 210208m2003 le d 000 0 araod |
| 020 ## - INTERNATIONAL STANDARD BOOK NUMBER | |
| International Standard Book Number | 9773003405 |
| 035 ## - SYSTEM CONTROL NUMBER | |
| System control number | (BD-RjUL)78133 |
| 040 ## - CATALOGING SOURCE | |
| Language of cataloging | eng |
| Description conventions | rda |
| Modifying agency | UkOxU |
| Original cataloging agency | BD-RjUL |
| Transcribing agency | BD-RjUL |
| 041 ## - LANGUAGE CODE | |
| Language code of text/sound track or separate title | ara |
| 082 ## - DEWEY DECIMAL CLASSIFICATION NUMBER | |
| Edition number | 23 |
| Classification number | 492.73 |
| Author mark and year | IBL 2003 |
| 100 1# - MAIN ENTRY--PERSONAL NAME | |
| Personal name | Ibn Majur ;; ابن منظور |
| Dates associated with a name | 1232-1311 or 1312, |
| Relator term | author. |
| 9 (RLIN) | 244608 |
| 245 10 - TITLE STATEMENT | |
| Title | لسان العرب ;; Lisān al-ʿArab / |
| Statement of responsibility, etc. | ابن منظور، ;; ibn Manẓūr |
| 264 #1 - PRODUCTION, PUBLICATION, DISTRIBUTION, MANUFACTURE, AND COPYRIGHT NOTICE | |
| Place of production, publication, distribution, manufacture | Al-Qahira : |
| Name of producer, publisher, distributor, manufacturer | Dar al Hadith , |
| Date of production, publication, distribution, manufacture, or copyright notice | 2003 |
| 300 ## - PHYSICAL DESCRIPTION | |
| Pagination | 9 volumes ; |
| Size | 25 cm |
| 505 ## - FORMATTED CONTENTS NOTE | |
| Formatted contents note | Vol.1.Alif,Ba,Ta,Sa.--v.2.Zim, H'a.--v.3.kha,dal, jal.--v.4.ra,ja,sin.--v.5.shim,soad,zoad,toa.--v.6.zoa,a,in,gain.--v.7.fa,qaf,kaf.--v.8.lam,mim,nun.--v.9.ha,waw,ya. |
| 650 #0 - SUBJECT ADDED ENTRY--TOPICAL TERM | |
| Topical term or geographic name as entry element | Arabic language |
| Form subdivision | Dictionaries |
| -- | Early works to 1700. |
| 9 (RLIN) | 244609 |
| 942 ## - ADDED ENTRY ELEMENTS (KOHA) | |
| Source of classification or shelving scheme | Dewey Decimal Classification |
| Koha item type | Reference |
| Lost status | Source of classification or shelving scheme | Damaged status | Not for loan | Collection code | Permanent Location | Current Location | Shelving location | Date acquired | Source of acquisition | Cost, normal purchase price | Total Checkouts | Full call number | Date last seen | Copy number | Koha item type |
|---|---|---|---|---|---|---|---|---|---|---|---|---|---|---|---|
| Dewey Decimal Classification | Not For Loan | Reference | Central Library, University of Rajshahi | Central Library, University of Rajshahi | 10/07/2008 | Maktabatul Arabiah , Dhaka | 380.00 | AR 492.73 IBL V-1 2003 | 08/02/2021 | C-1 | Reference | ||||
| Dewey Decimal Classification | Not For Loan | Reference | Central Library, University of Rajshahi | Central Library, University of Rajshahi | 10/07/2008 | Maktabatul Arabiah , Dhaka | 380.00 | AR 492.73 IBL V-2 2003 | 08/02/2021 | C-1 | Reference | ||||
| Dewey Decimal Classification | Not For Loan | Reference | Central Library, University of Rajshahi | Central Library, University of Rajshahi | 10/07/2008 | Maktabatul Arabiah , Dhaka | 380.00 | AR 492.73 IBL V-3 2003 | 08/02/2021 | C-1 | Reference | ||||
| Dewey Decimal Classification | Not For Loan | Reference | Central Library, University of Rajshahi | Central Library, University of Rajshahi | 10/07/2008 | Maktabatul Arabiah , Dhaka | 380.00 | AR 492.73 IBL V-4 2003 | 08/02/2021 | C-1 | Reference | ||||
| Dewey Decimal Classification | Not For Loan | Reference | Central Library, University of Rajshahi | Central Library, University of Rajshahi | 10/07/2008 | Maktabatul Arabiah , Dhaka | 380.00 | AR 492.73 IBL V-5 2003 | 08/02/2021 | C-1 | Reference | ||||
| Dewey Decimal Classification | Not For Loan | Reference | Central Library, University of Rajshahi | Central Library, University of Rajshahi | 10/07/2008 | Maktabatul Arabiah , Dhaka | 380.00 | AR 492.73 IBL V-6 2003 | 08/02/2021 | C-1 | Reference | ||||
| Dewey Decimal Classification | Not For Loan | Reference | Central Library, University of Rajshahi | Central Library, University of Rajshahi | 10/07/2008 | Maktabatul Arabiah , Dhaka | 380.00 | AR 492.73 IBL V-7 2003 | 08/02/2021 | C-1 | Reference | ||||
| Dewey Decimal Classification | Not For Loan | Reference | Central Library, University of Rajshahi | Central Library, University of Rajshahi | 10/07/2008 | Maktabatul Arabiah , Dhaka | 380.00 | AR 492.73 IBL V-8 2003 | 08/02/2021 | C-1 | Reference | ||||
| Dewey Decimal Classification | Not For Loan | Reference | Central Library, University of Rajshahi | Central Library, University of Rajshahi | 10/07/2008 | Maktabatul Arabiah , Dhaka | 380.00 | AR 492.73 IBL V-9 2003 | 08/02/2021 | C-1 | Reference | ||||
| Dewey Decimal Classification | Not For Loan | Non-fiction | Central Library, University of Rajshahi | Central Library, University of Rajshahi | Reference | 09/01/2022 | A 492.73 IBL V-15 2003 | 09/01/2022 | C-1 | Reference |